000 00844nam a2200217Ii 4500
003 JO-AjNU
008 230605s9999||||xx |||||||||||||| ||und||
040 _aJO-AjNU
_bara
_erda
_cJO-AjNU
041 _aara
050 1 4 _aBF721.F3 1900
100 3 _aدياب، فوزية,
_eauthor
_937740
245 0 0 _aنمو الطفل وتنشئته بين الأسرة ودور الحضانة
250 _aط3
264 3 1 _aالقاهرة:مكتبة النهضة المصرية ،1900
300 _a214ص
336 _atext
_btxt
_2rdacontent
337 _aunmediated
_bn
_2rdamedia
338 _avolume
_bnc
_2rdacarrier
490 0 _aسلسلة تربية الاطفال في مرحلة الحضانه 1
650 4 _aالاطفال-صحة ونظافة-علم الاجتماع التربوي-مدارس الحضانة-الاطفال-نمو
_937741
999 _aA15796
_c19364
_d19364